| 000 | 00690nam a2200217Ia 4500 | ||
|---|---|---|---|
| 008 | 191130s2009##################000#0#eng## | ||
| 020 | _a9780198700548 | ||
| 022 | _a2008043466 | ||
| 040 |
_aACL _cACL |
||
| 082 | _a307.76094 CLA | ||
| 100 | _aClark, Peter | ||
| 245 |
_aEuropean cities and towns : 400-2000 _cPeter Clark |
||
| 260 |
_aOxford _bOxford University Press _cc2009 |
||
| 300 | _axiii, 412 p. ; ; 24 cm | ||
| 500 | _aIncludes bibliographical references (p. [371]-386) and index | ||
| 650 | _aCities and towns - Europe - History | ||
| 650 | _aUrbanization - Europe - History | ||
| 990 | _af3475dd2ac10000c4bfa4d611cfbe6f6 | ||
| 991 | _a41388 | ||
| 999 |
_c257486 _d257486 |
||